[Event "Moscow Aeroflot op-B 10th"]
[Site "Moscow"]
[Date "2011.02.10"]
[Round "3"]
[White "Petrosian, Davit Gevorgi"]
[Black "Yuferev, Oleg"]
[Result "1/2-1/2"]
[WhiteElo "2485"]
[BlackElo "2367"]
[PlyCount "57"]
[EventDate "2011.02.08"]
[EventType "swiss"]
[EventRounds "9"]
[EventCountry "RUS"]
[SourceTitle "CBM 140 Extra"]
[Source "ChessBase"]
[SourceDate "2011.03.01"]
[SourceVersion "1"]
[SourceVersionDate "2011.03.01"]
[SourceQuality "1"]

1. e4 e6 2. d4 d5 3. Nc3 Nc6 4. Nf3 Nf6 5. e5 Ne4 6. Bb5 Bd7 7. Bd3 Nxc3 8. bxc3 Na5 9. Ng5 g6 10. Qf3 Qe7 11. h4 c5 12. h5 Bg7 13. a4 Nc6 14. h6 Nxe5 15. dxe5 Bxe5 16. Bb5 0-0 17. Bxd7 Qxd7 18. 0-0 Rad8 19. Re1 Bh8 20. Qh3 Qc7 21. Rb1 Rfe8 22. f4 b6 23. Bd2 Qc6 24. Re2 Qxa4 25. Rbe1 Qd7 26. Nf3 Qa4 27. Ng5 Qd7 28. Nf3 Qa4 29. Ng5 1/2-1/2

[Event "Ekaterinburg"]
[Site "Ekaterinburg"]
[Date "2010.07.23"]
[Round "9"]
[White "Yuferev, Oleg"]
[Black "Fradkin, Boris"]
[Result "1/2-1/2"]
[WhiteElo "2353"]
[BlackElo "2467"]
[PlyCount "34"]
[EventDate "2010.07.15"]
[EventType "tourn"]
[EventRounds "11"]
[EventCountry "RUS"]
[EventCategory "1"]
[SourceTitle "EXT 2011"]
[Source "ChessBase"]
[SourceDate "2010.11.26"]
[SourceVersion "1"]
[SourceVersionDate "2010.11.26"]
[SourceQuality "1"]

1. Nf3 c5 2. c4 Nc6 3. d4 cxd4 4. Nxd4 g6 5. e4 Bg7 6. Be3 Nf6 7. Nc3 0-0 8. Be2 d6 9. 0-0 Bd7 10. Rc1 Nxd4 11. Bxd4 Bc6 12. f3 Nd7 13. Be3 Qa5 14. Qd2 Nc5 15. b3 Qb6 16. Rc2 Rfc8 17. Rb1 Qd8 1/2-1/2